| 000 | 00559nam a22001457a 4500 | ||
|---|---|---|---|
| 020 | _a83-7130-231-4 | ||
| 082 |
_a894.892.3 _bMUK/M |
||
| 100 | _aM MUKUNDAN | ||
| 245 | _aMAYYAZHIPPUZHAYUDE THEERANGALIL | ||
| 260 |
_aKOTTAYAMA _bDC BOOKS _c2013 |
||
| 300 | _a249 | ||
| 520 | _aThe novel is based upon the lives of a few families of Mahé enclave. The new generation in Mahé wanted to merge the French enclave with India. The older people were loyal to the French rulers and believed in a romantic charm of the colonial rule. | ||
| 650 | _aNOVEL | ||
| 942 | _cBK | ||
| 999 |
_c4985 _d4985 |
||